Modeling of catalytic hydrocracking and subsequent fractionation of heavy hydrocarbon mixtures

Gespeichert in:
Bibliographische Detailangaben
1. Verfasser: Manek, Eduard (Verfasst von)
Weitere Verfasser: Haydary, Juma (Betreuung Doktorarbeit)
Format: Manuskript Buch
Sprache:Slowakisch
Englisch
Veröffentlicht: 2018
Schlagworte:
Online-Zugang:http://is.stuba.sk/zp/portal_zp.pl?podrobnosti=111953
Tags: Tag hinzufügen
Keine Tags, Fügen Sie das erste Tag hinzu!

MARC

LEADER 00000ntm a22000003a 4500
001 stuzp42760
003 SK-STU
005 20180825210254.0
007 ta
008 150427s2015----xo-----f-mn---000-0-slo-d
040 |a STU  |b slo 
041 0 |a eng 
100 1 |a Manek, Eduard  |u 046230  |4 aut  |U FCHPT Ústav chemického a environmentálneho inžinierstva  |T FCHPT Oddelenie chemického a biochemického inžinierstva  |X 58148  |U C6230  |Y 119  |7 A0000058148 
242 0 1 |a Modelovanie katalytického hydrokrakovania a následnej frakcionácie ťažkých uhlovodíkových zmesí  |y slo 
245 1 0 |a Modeling of catalytic hydrocracking and subsequent fractionation of heavy hydrocarbon mixtures 
260 |c 2018 
650 4 |a simulácia  |2 slo 
650 4 |a hydrokrakovanie vákuových zvyškov  |2 slo 
650 4 |a matematické modelovanie  |2 slo 
650 4 |a vacuum residue hydrocracking  |2 eng 
650 4 |a mathematical modeling  |2 eng 
650 4 |a simulation  |2 eng 
700 1 |a Haydary, Juma  |u 046230  |k Z1  |4 ths  |U FCHPT Ústav chemického a environmentálneho inžinierstva  |T FCHPT Oddelenie chemického a biochemického inžinierstva  |X 3923  |U C6230  |Y 119  |7 A000003923 
856 4 |u http://is.stuba.sk/zp/portal_zp.pl?podrobnosti=111953